| 000 | 01181nam a22002177a 4500 | ||
|---|---|---|---|
| 999 |
_c59082 _d59082 |
||
| 003 | Ge_BSU | ||
| 005 | 20221122112844.0 | ||
| 008 | 221122s1977ge xxu||||| |||| 00| 0 geo d | ||
| 041 | _ageo | ||
| 080 | _a821.162.1-31 ს-41 | ||
| 100 |
_aსენკევიჩი, ჰენრიკ, ავტ. _915974 |
||
| 245 |
_aჯვაროსნები : [რომანი] / _c ჰ. სენკევიჩი ; წინასიტყვ. ავტ.: ს. რავიჩი ; თარგმნა ვ. ძიძიგურმა |
||
| 264 |
_aთბილისი : _b საბჭოთა საქართველო, _c1977. |
||
| 300 |
_a927 გვ. : _c21 სმ. |
||
| 440 |
_aმსოფლიო ლიტერატურის ბიბლიოთეკა ; ტ. 65. სერია I _915975 |
||
| 653 | _aჯვაროსნები : [რომანი] | ||
| 653 | _aმხატვრული ლიტერატურა | ||
| 700 |
_aრავიჩი , ს _e წინასიტყვაობის ავტორი _915976 |
||
| 700 |
_aძიძიგური, ვ _eმთარგმნელი _93813 |
||
| 942 |
_2udc _cBK |
||